000
00302nam a2200121Ia 4500
005
20251013221650.0
008
251010s9999 xx 000 0 und d
041
_a
mar
100
_a
भट र.
_9
214288
245
_a
इंद्रयणी काठी
260
_b
Indrayani
_c
1993
300
_a
351
999
_c
368570
_d
368570